Detection of Anemia by Digital Photography of Palpebral Conjunctiva (Record no. 540824)
[ view plain ]
| 000 -LEADER | |
|---|---|
| fixed length control field | 00461nam a22001577a 4500 |
| 003 - CONTROL NUMBER IDENTIFIER | |
| control field | NUST |
| 038 ## - RECORD CONTENT LICENSOR | |
| Staff Name | Saba |
| 082 ## - DEWEY DECIMAL CLASSIFICATION NUMBER | |
| Classification number | 621.39 |
| Author Mark | CEME |
| 100 ## - MAIN ENTRY--PERSONAL NAME | |
| Personal name | Irum, Attia |
| 9 (RLIN) | 35046 |
| 245 ## - TITLE STATEMENT | |
| Title | Detection of Anemia by Digital Photography of Palpebral Conjunctiva |
| Statement of responsibility, etc. | Attia Irum |
| 260 ## - PUBLICATION, DISTRIBUTION, ETC. | |
| Place of publication, distribution, etc. | Islamabad: |
| Name of publisher, distributor, etc. | CEME-NUST, |
| Date of publication, distribution, etc. | 2016. |
| 300 ## - PHYSICAL DESCRIPTION | |
| Extent | 58p. |
| 650 ## - SUBJECT ADDED ENTRY--TOPICAL TERM | |
| Topical term or geographic name entry element | Computer Engineering - Digital Photography |
| 9 (RLIN) | 35047 |
| 700 ## - ADDED ENTRY--PERSONAL NAME | |
| Personal name | Dr. Muhammad Usman Akram |
| 9 (RLIN) | 16084 |
| 942 ## - ADDED ENTRY ELEMENTS (KOHA) | |
| Source of classification or shelving scheme | |
| Koha item type | Thesis |
| Withdrawn status | Lost status | Source of classification or shelving scheme | Damaged status | Not for loan | Permanent Location | Current Location | Date acquired | Total Checkouts | Full call number | Barcode | Date last seen | Price effective from | Koha item type |
|---|---|---|---|---|---|---|---|---|---|---|---|---|---|
| Central Library (CL) | Central Library (CL) | 11/10/2020 | 621.39 CEME | CL-T-762 | 11/10/2020 | 11/10/2020 | Thesis |
